|
|
|
|
| LEADER |
01853nam a2200313 i 4500 |
| 001 |
10021974 |
| 003 |
GR-PaULI |
| 005 |
20240723100820.0 |
| 008 |
990513t1993 gr gre d |
| 020 |
|
|
|a 9602210419
|
| 040 |
|
|
|a GR-PaULI
|c GR-PaULI
|b gre
|e AACR2
|
| 041 |
1 |
|
|a gre
|h ita
|
| 082 |
0 |
4 |
|a 853.91
|2 23
|
| 100 |
1 |
|
|a Tomasi di Lampedusa, Giuseppe
|9 79981
|d 1896-1957,
|e συγγραφέας.
|
| 245 |
1 |
2 |
|a Η σειρήνα :
|b και άλλα διηγήματα /
|c Τζουζέππε Τομάζι ντι Λαμπεντούζα ; εισαγωγή, μετάφραση, σχόλια Μαρία Σπυριδοπούλου.
|
| 260 |
|
|
|a Αθήνα :
|b Αλεξάνδρεια,
|c c1993.
|
| 300 |
|
|
|a 235 σ. :
|b εικ. ;
|c 21 εκ.
|
| 490 |
1 |
|
|a Κύκλος ξένης πεζογραφίας / Αλεξάνδρεια
|
| 500 |
|
|
|a Τίτλος πρωτοτύπου: I racconti.
|
| 504 |
|
|
|a Περιλαμβάνει βιβλιογραφία.
|
| 700 |
1 |
|
|a Σπυριδοπούλου, Μαρία
|4
|e μεταφράστρια,
|e συγγραφέας εισαγωγής.
|9 37628
|
| 765 |
|
|
|i Μετάφραση του:
|t I racconti.
|
| 830 |
|
0 |
|a Κύκλος ξένης πεζογραφίας (Αλεξάνδρεια)
|9 163328
|
| 942 |
|
|
|2 ddc
|c BK
|
| 952 |
|
|
|0 0
|1 0
|4 0
|6 853_000000000000000_T
|7 0
|9 185475
|a LISP
|b LISP
|c BSC
|d 2016-04-24
|i 043340
|l 0
|o 853 T
|p 025000056395
|r 2016-04-24 00:00:00
|t 1
|v 2016.00
|w 2016-04-24
|y BK15
|
| 952 |
|
|
|0 0
|1 0
|2 ddc
|4 0
|6 853_910000000000000_ΤΟΜ
|7 0
|9 240128
|a LISP
|b LISP
|c DON
|d 2020-04-03
|e ΓΑΛ
|i 142968
|l 0
|o 853.91 ΤΟΜ
|p 025000269168
|r 2020-04-03 00:00:00
|t 2
|v 2020.00
|w 2020-04-03
|y BKN
|
| 952 |
|
|
|0 0
|1 0
|2 ddc
|4 0
|6 853_910000000000000_TOM
|7 0
|9 382266
|a LISP
|b LISP
|c DON
|d 2024-07-23
|e ΜΑΡ
|i 367359
|l 0
|o 853.91 TOM
|p 025000311830
|r 2024-07-23 00:00:00
|t 3
|w 2024-07-23
|y BKN
|
| 998 |
|
|
|c ΗΛΙΟΠΟΥΛΟΥ
|d 1999-05
|
| 999 |
|
|
|c 114274
|d 114274
|